01440nam a2200265 a 450000100100000000500170001000800410002704000250006808200150009310000320010824501580014026000570029849000690035549000320042450000420045650000500049883000730054883000390062104900090066095201280066995201280079795201130092595201190103899900170115700002920820250924073803.0110414s1985 dr 000 0 spa d aDO-SdBNPbspacBNPHU axxxbM334i1 aMaríñez, Pablo A.9574810aInjerencias, agresiones e intervenciones norteamericanas en la República Dominicana :bbibliografía básica para su estudio /cPablo A. Maríñez. aSanto Domingo :bEditora Universitaria, UASD,c1985.1 aPublicaciones de la Universidad Autónoma de Santo Domingov3821 aHistoria y sociedadvno. 64 aIncluye notas al pie de las páginas aXX aniversario de la insurrección de abril" aPublicaciones de la Universidad Autónoma de Santo Domingov382952 0aHistoria y sociedadvno. 64913749 aBNPD 001054708DSaGRbGRcCTd2011-05-03iLF1l0oxxx M334ip29208-30r2020-06-25te. 3w2020-06-25yLFDSZPréstamo en sala 001154708DSaGRbGRcMId2011-05-03iLF1l0oxxx M334ip29208-40r2020-06-25te. 4w2020-06-25yLFDSZPréstamo en sala 0010718PDaPDbPDcCTd2011-04-14iLF1l0oxxx M334ip29208-10r2020-06-25w2020-06-25yLFPDZNo se presta 0010718PDaPDbPDcCTd2011-05-03iLF1l0oxxx M334ip29208-20r2020-06-25te. 2w2020-06-25yLFPDZNo se presta c28700d28700